LEADER 01097nam a2200265 i 4500 001 000000219952 003 CaOOAMICUS 005 20200312100151.0 008 130419s1984 fr u000 u fre u 013 $a198849 040 $aSeMil$bita 100 1 $aKazantzákes, Níkos <1883-1957>.$0(OLS)http://semarc/name/19116 245 13$aLe pauvre d'Assise /$cNikos Kazantzakis ; traduit du grec par Gisčle Prassinos et Pierre Fridas. 260 $aParis :$bPlon,$cstampa 1984. 300 $a411 p. ;$c18 cm. 600 04$aFrancesco : d'Assisi .$0(OLS)http://semarc/subject/1416 700 1 $aFridas, Pierre.$0(OLS)http://semarc/name/77160 700 1 $aPrassinos, Gisčle.$0(OLS)http://semarc/name/77159 830 0$aPocket.$0(OLS)http://semarc/title/11771 850 $aSeMil 852 $aSeMil$W1$xVenegono$y1$m3H I 447$j170309$B170309$CSeMilBibl$Z2$F182080 $81 961 $aLascito: Presbitero, Silvana 996 $6245$aLe pauvre d'Assise$9(OLS)http://semarc/title/315548 996 $6260$aParis :$bPlon$9(OLS)http://semarc/publisher/32056 LEADER 00744nam a2200193 i 4500 001 000000206932 003 CaOOAMICUS 005 20111018000000.0 008 111018s1893 it u000 u ita u 013 $a185706 040 $aSeMil$bita 100 1 $aCravenna Brigola, Maddalena.$0(OLS)http://semarc/name/70326 245 13$aLa scuola del dolore :$bromanzo morale /$cMadd. Cravenna Brigola. 260 $aMilano :$bGiacomo Agnelli,$c1893. 300 $a778 p. ;$c19 cm. 850 $aSeMil 852 $aSeMil$W1$xVenegono$y1$m1S V 31 FA$j157395$B157395$CSeMilBibl$Z2$F168694 $8I 996 $6245$aLa scuola del dolore :$bromanzo morale$9(OLS)http://semarc/title/299246 996 $6260$aMilano :$bGiacomo Agnelli$9(OLS)http://semarc/publisher/31323